[Event "Dortmund Sparkassen op-B 47th"]
[Site "Dortmund"]
[Date "2019.07.17"]
[Round "5"]
[White "Hartmann, Nils"]
[Black "Karpenko, Nikolaj"]
[Result "1-0"]
[WhiteElo "1560"]
[BlackElo "1852"]
[PlyCount "123"]
[EventDate "2019.07.13"]
[EventType "swiss"]
[EventRounds "9"]
[EventCountry "GER"]
[SourceTitle "CBM 192 Extra"]
[Source "Chessbase"]
[SourceDate "2019.11.06"]
[SourceVersion "1"]
[SourceVersionDate "2019.11.06"]
[SourceQuality "1"]

1. e4 c6 2. d4 d5 3. e5 Bf5 4. Nf3 e6 5. Bd3 Ne7 6. Bg5 Bg4 7. Nbd2 Qa5 8. c3 c5 9. 0-0 cxd4 10. cxd4 Nbc6 11. Qb3 Qb4 12. Bb5 Qxb3 13. Nxb3 a6 14. Be2 Nf5 15. Be3 Be7 16. h3 Nxe3 17. fxe3 Bf5 18. Rac1 0-0 19. Nc5 Bxc5 20. Rxc5 h6 21. a3 Bh7 22. Rfc1 Rfc8 23. Nd2 Ne7 24. Nb3 Rxc5 25. Rxc5 Nc6 26. g4 Bb1 27. Kf2 g5 28. Kg3 Kg7 29. h4 f6 30. exf6+ Kxf6 31. h5 Ke7 32. Nd2 Bh7 33. b4 Kd6 34. Bf3 b6 35. Rc1 e5 36. e4 Nxd4 37. exd5 b5 38. Rc5 Nxf3 39. Nxf3 e4 40. Rc6+ Kxd5 41. Rxh6 Ra7 42. Nxg5 Bg8 43. Kf4 Re7 44. Ke3 Rg7 45. Nxe4 Re7 46. Rd6+ Ke5 47. Rxa6 Be6 48. g5 Bd5 49. Nd6 Re6 50. h6 Re7 51. Nxb5 Kf5+ 52. Kd4 Be6 53. Ra7 Bd7 54. Kd5 Re5+ 55. Kd6 Bxb5 56. Re7 Rxe7 57. Kxe7 Kg6 58. Kd6 Bd3 59. a4 Kxg5 60. b5 Kxh6 61. b6 Be4 62. Kc7 1-0

[Event "Dortmund Sparkassen op-B 47th"]
[Site "Dortmund"]
[Date "2019.07.16"]
[Round "4"]
[White "Karpenko, Nikolaj"]
[Black "Bochynek, Josua Peter"]
[Result "0-1"]
[WhiteElo "1852"]
[BlackElo "1564"]
[PlyCount "94"]
[EventDate "2019.07.13"]
[EventType "swiss"]
[EventRounds "9"]
[EventCountry "GER"]
[SourceTitle "CBM 192 Extra"]
[Source "Chessbase"]
[SourceDate "2019.11.06"]
[SourceVersion "1"]
[SourceVersionDate "2019.11.06"]
[SourceQuality "1"]

1. e4 e6 2. Nf3 d5 3. exd5 exd5 4. d4 Bd6 5. Nc3 Ne7 6. Bg5 f6 7. Bd2 c6 8. Bd3 Bg4 9. h3 Bh5 10. 0-0 Nd7 11. Re1 Qc7 12. Na4 b5 13. Nc3 Nb6 14. Bf5 Nc4 15. Bc1 0-0 16. Be6+ Kh8 17. b3 Bb4 18. Bd2 Bxf3 19. gxf3 Nxd2 20. Qxd2 Qa5 21. Re3 f5 22. f4 Rf6 23. Bd7 Rd8 24. Be6 Bxc3 25. Rxc3 Rxe6 26. Kh2 Ng6 27. a3 Nxf4 28. b4 Qc7 29. Kh1 Rh6 30. Re1 Nxh3 31. Re5 Nxf2+ 32. Kg1 Ne4 33. Qe1 Qf7 34. Kg2 Qg6+ 35. Rg3 Nxg3 36. Qxg3 Qh5 37. Kf2 Qh2+ 38. Qxh2 Rxh2+ 39. Kg3 Rxc2 40. Rxf5 Rc3+ 41. Kf4 Re8 42. Rf7 Re4+ 43. Kg5 Kg8 44. Rxa7 Rg3+ 45. Kf5 g6+ 46. Kf6 Rf3+ 47. Kg5 Rf5+ 0-1

[Event "Dortmund Sparkassen op-B"]
[Site "Dortmund"]
[Date "2015.07.03"]
[Round "7"]
[White "Karpenko, Nikolaj"]
[Black "Regber, Karl Heinz"]
[Result "1-0"]
[WhiteElo "1807"]
[BlackElo "1616"]
[PlyCount "90"]
[EventDate "2015.06.27"]
[EventType "swiss"]
[EventRounds "9"]
[EventCountry "GER"]
[SourceTitle "CBM 167 Extra"]
[Source "ChessBase"]
[SourceDate "2015.09.14"]
[SourceVersion "1"]
[SourceVersionDate "2015.09.14"]
[SourceQuality "1"]

1. e4 e6 2. Nf3 d5 3. e5 c5 4. d4 Nc6 5. c3 Qb6 6. b3 cxd4 7. c4 Bb4+ 8. Bd2 Bxd2+ 9. Nbxd2 Nge7 10. cxd5 Nxd5 11. Bc4 0-0 12. 0-0 Qd8 13. Ne4 Nc3 14. Qc2 Nb4 15. Qd2 Nxe4 16. Qxb4 a5 17. Qe1 Nc5 18. Rd1 d3 19. Qe3 Qe7 20. Ne1 Bd7 21. Nxd3 Nxd3 22. Bxd3 Bc6 23. Bb1 f5 24. exf6 gxf6 25. Rfe1 Rad8 26. Rxd8 Rxd8 27. f3 e5 28. Bf5 Bd7 29. Be4 Bc6 30. Bxc6 bxc6 31. f4 Rd5 32. fxe5 Rxe5 33. Qg3+ Kh8 34. Rxe5 fxe5 35. Qc3 Qd6 36. Qxa5 Qd4+ 37. Kf1 Qf4+ 38. Ke2 Qe4+ 39. Kd1 Qd3+ 40. Qd2 Qb1+ 41. Ke2 Qe4+ 42. Kf2 Qf5+ 43. Ke2 Qe4+ 44. Kd1 Qb1+ 45. Ke2 Qe4+ 1-0

[Event "Dortmund Sparkassen op-B"]
[Site "Dortmund"]
[Date "2015.07.01"]
[Round "5"]
[White "Karpenko, Nikolaj"]
[Black "Karabueguel, Okan"]
[Result "0-1"]
[WhiteElo "1807"]
[BlackElo "1682"]
[PlyCount "136"]
[EventDate "2015.06.27"]
[EventType "swiss"]
[EventRounds "9"]
[EventCountry "GER"]
[SourceTitle "CBM 167 Extra"]
[Source "ChessBase"]
[SourceDate "2015.09.14"]
[SourceVersion "1"]
[SourceVersionDate "2015.09.14"]
[SourceQuality "1"]

1. e4 e5 2. Nf3 Nc6 3. Bb5 a6 4. Ba4 Nf6 5. 0-0 Be7 6. Re1 b5 7. Bb3 d6 8. c3 0-0 9. h3 Na5 10. Bc2 c5 11. d4 Nc6 12. a3 Bb7 13. Bg5 cxd4 14. cxd4 Nh5 15. Bxe7 Qxe7 16. Nxe5 dxe5 17. Qxh5 Nxd4 18. Bd1 f5 19. exf5 Rxf5 20. Qg4 h5 21. Qxd4 Qg5 22. Bb3+ Kh8 23. Qd5 Bxd5 24. Bxd5 Rd8 25. Be4 Rf6 26. f3 Rfd6 27. Nc3 Rd2 28. Ne2 Qe3+ 29. Kf1 Rf8 30. Bb7 e4 31. Rad1 Rxb2 32. Rd5 g6 33. Re5 Rxf3+ 34. gxf3 Qxf3+ 35. Kg1 Qe3+ 36. Kf1 Qxh3+ 37. Kg1 Qh4 38. Re8+ Kg7 39. Kf1 Qh3+ 40. Kg1 Qd7 41. Rxe4 Qxb7 42. Nf4 Qb6+ 43. R1e3 Rb3 44. Kf2 Rxa3 45. Re6 Qxe3+ 46. Rxe3 Rxe3 47. Kxe3 Kf6 48. Nd5+ Ke5 49. Nc7 g5 50. Nxa6 g4 51. Nb4 h4 52. Nd3+ Kf5 53. Ke2 Ke4 54. Nf2+ Kf4 55. Kf1 Kf3 56. Kg1 b4 57. Nd3 b3 58. Ne5+ Ke2 59. Nc4 g3 60. Kg2 Kd3 61. Nb2+ Kc2 62. Na4 b2 63. Nxb2 Kxb2 64. Kf3 Kc3 65. Kg2 Kd3 66. Kf3 Kd2 67. Kg2 Ke3 68. Kg1 Kf3 0-1

[Event "Dortmund Sparkassen op-B"]
[Site "Dortmund"]
[Date "2015.06.30"]
[Round "4"]
[White "Schaede, Maximilian"]
[Black "Karpenko, Nikolaj"]
[Result "0-1"]
[WhiteElo "1551"]
[BlackElo "1807"]
[PlyCount "88"]
[EventDate "2015.06.27"]
[EventType "swiss"]
[EventRounds "9"]
[EventCountry "GER"]
[SourceTitle "CBM 167 Extra"]
[Source "ChessBase"]
[SourceDate "2015.09.14"]
[SourceVersion "1"]
[SourceVersionDate "2015.09.14"]
[SourceQuality "1"]

1. d4 Nf6 2. c4 g6 3. Nc3 Bg7 4. e4 d6 5. Nf3 Nc6 6. d5 Nb8 7. Be2 Nbd7 8. Qc2 c6 9. 0-0 Qc7 10. Bd2 a6 11. Rac1 0-0 12. a4 c5 13. Nh4 e5 14. f4 Qd8 15. Nf3 exf4 16. Bxf4 Qe7 17. Rce1 Nh5 18. Be3 Ne5 19. Nxe5 Qxe5 20. g4 Nf6 21. g5 Ng4 22. Bxg4 Bxg4 23. Qg2 Bd7 24. Kh1 f6 25. gxf6 Rxf6 26. Rxf6 Qxf6 27. Rf1 Qe7 28. Bg5 Qe8 29. Bf6 Bxa4 30. Nxa4 Qxa4 31. Bxg7 Kxg7 32. Qf2 Qd7 33. Qf6+ Kg8 34. e5 dxe5 35. Qxe5 Re8 36. Qf4 Qe7 37. Rf3 Rf8 38. Qg3 Qe4 39. Kg2 Qe2+ 40. Rf2 Rxf2+ 41. Qxf2 Qxc4 42. Qf3 Qc2+ 43. Kg3 Qxb2 44. d6 Qe5+ 0-1

[Event "Dortmund Sparkassen op-B"]
[Site "Dortmund"]
[Date "2014.07.19"]
[Round "8"]
[White "Karpenko, Nikolaj"]
[Black "Michalicek, Roland"]
[Result "1-0"]
[WhiteElo "1762"]
[BlackElo "1910"]
[PlyCount "119"]
[EventDate "2014.07.12"]
[EventType "swiss"]
[EventRounds "9"]
[EventCountry "GER"]
[SourceTitle "EXT 2022"]
[Source "ChessBase"]
[SourceDate "2021.10.06"]
[SourceVersion "1"]
[SourceVersionDate "2021.10.06"]
[SourceQuality "1"]

1. e4 e5 2. Nf3 Nf6 3. Nc3 Bb4 4. d3 d5 5. exd5 Nxd5 6. Bd2 Nxc3 7. bxc3 Bd6 8. g3 Bg4 9. Bg2 0-0 10. 0-0 Qf6 11. Re1 Nd7 12. Rb1 b6 13. h3 Be6 14. Bg5 Qg6 15. Qd2 Bxa2 16. Ra1 Bd5 17. c4 Bxf3 18. Bxf3 Rab8 19. Rxa7 b5 20. cxb5 Rxb5 21. Bc6 Rb2 22. Qc1 Nb8 23. Be4 f5 24. Bd5+ Kh8 25. Qxb2 c6 26. Bg2 Qxg5 27. Qc1 Qg6 28. Rf1 Bc5 29. Ra8 Qxg3 30. Qb2 Nd7 31. Rxf8+ Nxf8 32. d4 Bxd4 33. Qxd4 Qxg2+ 34. Kxg2 exd4 35. Re1 Kg8 36. Re8 Kf7 37. Rc8 Ne6 38. Rxc6 g5 39. Rd6 h5 40. Kf3 Kf6 41. Rb6 g4+ 42. hxg4 hxg4+ 43. Kg3 Ke5 44. Rb1 Kd5 45. Re1 Kd6 46. Kh4 Kd5 47. Kh5 Nf4+ 48. Kg5 Nh3+ 49. Kxf5 Nxf2 50. Kf4 d3 51. Ke3 Kc4 52. Kxf2 dxc2 53. Ke2 Kc3 54. Rg1 g3 55. Re1 g2 56. Rg1 Kb3 57. Kd2 Kb2 58. Re1 Kb3 59. Kc1 Ka2 60. Kxc2 1-0

[Event "Dortmund Sparkassen op-B"]
[Site "Dortmund"]
[Date "2014.07.13"]
[Round "2"]
[White "Fistoul, Ilja"]
[Black "Karpenko, Nikolaj"]
[Result "0-1"]
[WhiteElo "1584"]
[BlackElo "1762"]
[PlyCount "78"]
[EventDate "2014.07.12"]
[EventType "swiss"]
[EventRounds "9"]
[EventCountry "GER"]
[SourceTitle "EXT 2022"]
[Source "ChessBase"]
[SourceDate "2021.10.06"]
[SourceVersion "1"]
[SourceVersionDate "2021.10.06"]
[SourceQuality "1"]

1. e4 d6 2. d4 Nf6 3. Nc3 g6 4. Nf3 Bg7 5. Be2 Nc6 6. d5 Ne5 7. Nxe5 dxe5 8. 0-0 c6 9. dxc6 Qxd1 10. Rxd1 bxc6 11. Be3 0-0 12. Bc5 Re8 13. Bc4 Nd7 14. Be3 Nb6 15. Bb3 Bb7 16. Na4 Nxa4 17. Bxa4 Red8 18. Bc5 e6 19. c3 Bf8 20. Bxf8 Kxf8 21. f3 Ke7 22. Kf2 f5 23. Ke3 g5 24. g3 h5 25. g4 hxg4 26. fxg4 f4+ 27. Kf3 Rh8 28. Rd2 Rh3+ 29. Kg2 Rah8 30. Kg1 Rd8 31. Rad1 Rxd2 32. Rxd2 Re3 33. Bc2 c5 34. Ba4 Bxe4 35. Rd7+ Kf6 36. Rxa7 Re1+ 37. Kf2 Rb1 38. Bb3 Rxb2+ 39. Kf1 Bd3+ 0-1

[Event "Dortmund Sparkassen op-B"]
[Site "Dortmund"]
[Date "2014.07.12"]
[Round "1"]
[White "Karpenko, Nikolaj"]
[Black "Yangibayev, Rustam"]
[Result "1-0"]
[WhiteElo "1762"]
[BlackElo "1499"]
[PlyCount "31"]
[EventDate "2014.07.12"]
[EventType "swiss"]
[EventRounds "9"]
[EventCountry "GER"]
[SourceTitle "EXT 2022"]
[Source "ChessBase"]
[SourceDate "2021.10.06"]
[SourceVersion "1"]
[SourceVersionDate "2021.10.06"]
[SourceQuality "1"]

1. e4 c6 2. Nf3 d5 3. Nc3 Bg4 4. exd5 cxd5 5. Bb5+ Nc6 6. h3 Bh5 7. g4 Bg6 8. Ne5 Qd6 9. d4 a6 10. Bxc6+ bxc6 11. f4 h6 12. f5 Bh7 13. Bf4 Qf6 14. Nf3 e6 15. Qe2 Ne7 16. Be5 1-0

[Event "NRW Class1 1213"]
[Site "Germany"]
[Date "2013.01.20"]
[Round "5.8"]
[White "Karpenko, Nikolaj"]
[Black "Wuestnienhaus, Andreas"]
[Result "1/2-1/2"]
[WhiteElo "1695"]
[BlackElo "1879"]
[PlyCount "116"]
[EventDate "2012.09.16"]
[EventType "team-tourn"]
[EventRounds "9"]
[EventCountry "GER"]
[SourceTitle "EXT 2017"]
[Source "ChessBase"]
[SourceDate "2016.10.25"]
[SourceVersion "1"]
[SourceVersionDate "2016.10.25"]
[SourceQuality "1"]
[WhiteTeam "Hattingen"]
[BlackTeam "Bocholt"]
[WhiteTeamCountry "GER"]
[BlackTeamCountry "GER"]

1. e4 c6 2. Nf3 d5 3. Nc3 dxe4 4. Nxe4 Bg4 5. h3 Bxf3 6. Qxf3 e6 7. Bc4 Nd7 8. Bb3 Ngf6 9. 0-0 Nxe4 10. Qxe4 Nc5 11. Qf3 Nxb3 12. Qxb3 Qc7 13. Qc3 0-0-0 14. d3 Bd6 15. Be3 Be5 16. d4 Bf6 17. Qd3 Kb8 18. Qe4 Ka8 19. c3 h6 20. a4 e5 21. dxe5 Bxe5 22. a5 Rhe8 23. Qf3 Re6 24. a6 b6 25. Rfd1 Rdd6 26. Rxd6 Rxd6 27. Re1 Qd7 28. Qh5 Rd5 29. Qe2 Kb8 30. c4 Rd3 31. Bxb6 axb6 32. Qxe5+ Ka7 33. Qxg7 Rd1 34. Rxd1 Qxd1+ 35. Kh2 Qd6+ 36. g3 Qe6 37. Qd4 Kxa6 38. b4 Qe1 39. c5 bxc5 40. Qxc5 Qe4 41. Qa5+ Kb7 42. b5 cxb5 43. Qxb5+ Kc7 44. Qb3 Qf5 45. Qe3 Kd7 46. g4 Qf6 47. Kg3 Kd8 48. Qf4 Qg6 49. f3 Qe6 50. Qd4+ Kc8 51. Qc5+ Kd8 52. Qa5+ Ke8 53. Qa8+ Kd7 54. Qb7+ Kd8 55. Qe4 Qd6+ 56. Qf4 Qe6 57. h4 Qe1+ 58. Kg2 Qe2+ 1/2-1/2